| 000 | 00594nam a2200181 i 4500 | ||
|---|---|---|---|
| 003 | IT-RoINE | ||
| 005 | 20250416111153.0 | ||
| 008 | 031003s1854 it r 000 | lat d | ||
| 040 |
_aPUG _cIT-RoINE _dIT-RoINE |
||
| 110 | 2 |
_aBasilica di Santa Maria Maggiore (Roma, Italia). _bCapitolo _959189 |
|
| 245 | 0 | 0 | _aConstitutiones Capituli et Cleri Sacrosanctae Basilicae S. Mariae Majoris. |
| 260 |
_aRomae : _bex typographia Pulchrarum Artium, _c1854. |
||
| 300 |
_a77 p. ; _c23 cm. |
||
| 336 |
_2rdacontent _atext |
||
| 337 |
_2rdamedia _aunmediated |
||
| 338 |
_2rdacarrier _avolume |
||
| 942 | _cMTS | ||
| 999 |
_c32234 _d32234 |
||